000 00702nam a2200277Ia 4500
005 20260324150113.0
008 008 260324s9999 xx 000 0 eng d
020 _a9781315744957
037 _aEBOOK
040 _aCRL
040 _beng
040 _cCRL
041 _2eng
041 _aeng
084 _qCRL
100 _aJ.A. Allan; K.S. McLachlan; Edith Penrose
_91225268
245 0 _aLibya: Agriculture and Economic Development (RLE Economy of Middle East)
260 _bTaylor and Francis
260 _c1973
365 _a
365 _b230
856 _uhttp://www.taylorfrancis.com/books/9781315744957
942 _cEBOOK
999 _c1834161
_d1834161